| 000 | 01049nam a2200241 a 4500 | ||
|---|---|---|---|
| 001 | BRCA_8823 | ||
| 005 | 20190320210426.0 | ||
| 008 | 260417s1701----sp-#######---#000-0#spa-# | ||
| 041 | _aspa | ||
| 044 | _asp | ||
| 084 |
_aBE204 _b.C38 1701 |
||
| 100 | 1 |
_aCausino, Nicolas _921989 |
|
| 245 | 1 | 0 |
_aLa corte divida, o palacio celestial _cescrivióla en lengua latina el Rmo. P. Nicolas Causino, de la Compañía de Jesús, Confesor de Luis XIII Rey de Francia; tomo XXII. |
| 260 |
_aMadrid _ben la Imprenta de Antonio Pérez de Soto, calle de la Abada _c1701 |
||
| 300 |
_a[6], 242 p. (t.22) _c15.2 x 10 cm. |
||
| 500 | _aCon las aprobaciones, y licencias necesarias | ||
| 500 | _aEstado físico: presenta encuadernación en pergamino desgastado, con cintas rotas, presencia del pez de plata y lomo expuesto y semi desprendido | ||
| 505 | 0 | _aQue contiene los símbolos selectos, y parábolas históricas | |
| 700 | 1 |
_aTorre, Francisco de la _etr. _921990 |
|
| 700 | 1 |
_aPérez de Soto, Antonio _eImpresor _921991 |
|
| 902 | _aCFM | ||
| 942 |
_2lcc _cB |
||
| 999 |
_c8474 _d8474 |
||